banner koha

Silicon reduces brown spot severity and grain discoloration on several rice genotypes (Registro n. 226484)

MARC details
000 -LÍDER
campo de controle de tamanho fixo 00919nas a2200313 4500
001 - NÚMERO DE CONTROLE
campo de controle BR2013001504
003 - IDENTIFICADOR DO NÚMERO DE CONTROLE
campo de controle BR-BrBNA
005 - DATA E HORÁRIO DA ÚLTIMA TRANSAÇÃO
campo de controle 20231205122022.0
007 - CAMPO FIXO DE DESCRIÇÃO FÍSICA--INFORMAÇÃO GERAL
campo de controle de tamanho fixo ta
008 - CAMPO DE DADOS FIXOS--INFORMAÇÃO GERAL
campo de controle de tamanho fixo 230509b bl.|||p| |||| 00| 00por d
040 ## - FONTE DA CATALOGAÇÃO
Instituição da catalogação original BR-BrBNA
Idioma da catalogação por
Instituição que transcreveu o registro Biblioteca Nacional de Agricultura
041 ## - CÓDIGO DE IDIOMA
Código do idioma do texto/trilha sonora ou título diferente (En)
072 ## - CÓDIGO DE CATEGORIA DE ASSUNTO
Código de Categoria de Assunto H20
100 1# - ENTRADA PRINCIPAL--NOME PESSOAL
Nome pessoal Prabhu, A.S.
100 1# - ENTRADA PRINCIPAL--NOME PESSOAL
Nome pessoal Barbosa Filho, M.P.
100 1# - ENTRADA PRINCIPAL--NOME PESSOAL
Nome pessoal Datnoff, L.E.
100 1# - ENTRADA PRINCIPAL--NOME PESSOAL
Nome pessoal Snyder, G.H.
100 1# - ENTRADA PRINCIPAL--NOME PESSOAL
Nome pessoal Berni, R.F.
100 1# - ENTRADA PRINCIPAL--NOME PESSOAL
Nome pessoal Rodrigues, F.A.
100 1# - ENTRADA PRINCIPAL--NOME PESSOAL
Nome pessoal Dallagnol, L.J.
245 1# - TÍTULO
Título Silicon reduces brown spot severity and grain discoloration on several rice genotypes
650 ## - ASSUNTO--TERMO TÓPICO
Cabeçalho tópico ou nome geográfico ARROZ
650 ## - ASSUNTO--TERMO TÓPICO
Cabeçalho tópico ou nome geográfico FUNGO
650 ## - ASSUNTO--TERMO TÓPICO
Cabeçalho tópico ou nome geográfico SEMENTE
650 ## - ASSUNTO--TERMO TÓPICO
Cabeçalho tópico ou nome geográfico NUTRIÇÃO VEGETAL
773 0# - ENTRADA ANALÍTICA
Título Tropical Plant Pathology (Brazil)
ISSN - International Standard Serial Number ISSN 1982-5676
Partes relacionadas (Nov-Dec 2012), v. 37(6) p. 409-414
Número de controle do registro BR2013001504
909 ## -
-- 202311
-- Lúcia
-- 55
-- Lúcia Elande
942 ## - ELEMENTOS DE ENTRADA ADICIONADOS (KOHA)
Fonte da classificação ou esquema de arquivamento na estante Classificação AGRIS
Ocultar no OPAC Não
Tipo de material Koha Analítica
Exemplares
Situação do descarte Fonte da classificação ou esquema de arquivamento na estante Situação física Não pode ser emprestado Biblioteca de origem Biblioteca atual Localização na estante Enumeração do periódico / cronologia Total de empréstimos Data de último acesso Número do exemplar Tipo de material Koha Fonte de aquisição
  Classificação AGRIS   Consulta local Biblioteca Nacional de Agricultura - Binagri Biblioteca Nacional de Agricultura - Binagri   (Nov-Dec 2012), v. 37(6) p. 409-414   29/11/2023 01 Periódicos Portaria Interministerial nº 164/94

BINAGRI

Telefone: (61)3218-2567/2388/3357/2097 - binagri@agro.gov.br

Ministério da Agricultura e Pecuária , Esplanada dos Ministérios, Bloco D, Anexo B, Brasília/DF, CEP: 70.043-900